Routledge companion to marine and maritime worlds, 1400-1800 / (Record no. 3133)
[ view plain ]
| 000 -LEADER | |
|---|---|
| fixed length control field | 04855cam a22005418i 4500 |
| 006 - FIXED-LENGTH DATA ELEMENTS--ADDITIONAL MATERIAL CHARACTERISTICS--GENERAL INFORMATION | |
| fixed length control field | m o d |
| 007 - PHYSICAL DESCRIPTION FIXED FIELD--GENERAL INFORMATION | |
| fixed length control field | cr ||||||||||| |
| 008 - FIXED-LENGTH DATA ELEMENTS--GENERAL INFORMATION | |
| fixed length control field | 200421s2020 enk ob 001 0 eng |
| 020 ## - INTERNATIONAL STANDARD BOOK NUMBER | |
| International Standard Book Number | 9781003048503 |
| Qualifying information | (ebook) |
| 020 ## - INTERNATIONAL STANDARD BOOK NUMBER | |
| International Standard Book Number | 1003048501 |
| 020 ## - INTERNATIONAL STANDARD BOOK NUMBER | |
| Qualifying information | (hardback) |
| 020 ## - INTERNATIONAL STANDARD BOOK NUMBER | |
| International Standard Book Number | 9781000075762 |
| Qualifying information | (electronic bk. : EPUB) |
| 020 ## - INTERNATIONAL STANDARD BOOK NUMBER | |
| International Standard Book Number | 1000075761 |
| Qualifying information | (electronic bk. : EPUB) |
| 020 ## - INTERNATIONAL STANDARD BOOK NUMBER | |
| International Standard Book Number | 9781000075755 |
| Qualifying information | (electronic bk. : Mobipocket) |
| 020 ## - INTERNATIONAL STANDARD BOOK NUMBER | |
| International Standard Book Number | 1000075753 |
| Qualifying information | (electronic bk. : Mobipocket) |
| 020 ## - INTERNATIONAL STANDARD BOOK NUMBER | |
| International Standard Book Number | 9781000075748 |
| Qualifying information | (electronic bk. : PDF) |
| 020 ## - INTERNATIONAL STANDARD BOOK NUMBER | |
| International Standard Book Number | 1000075745 |
| Qualifying information | (electronic bk. : PDF) |
| 040 ## - CATALOGING SOURCE | |
| Original cataloging agency | IMU Kochi Library |
| Language of cataloging | eng |
| 041 0# - LANGUAGE CODE | |
| Language code of text/sound track or separate title | eng |
| 082 00 - DEWEY DECIMAL CLASSIFICATION NUMBER | |
| Classification number | 910.4 |
| Edition number | 23 |
| 245 00 - TITLE STATEMENT | |
| Title | Routledge companion to marine and maritime worlds, 1400-1800 / |
| 300 ## - PHYSICAL DESCRIPTION | |
| Extent | 1 online resource |
| 490 1# - SERIES STATEMENT | |
| Series statement | Routledge companions |
| 520 ## - SUMMARY, ETC. | |
| Summary, etc | "The Routledge Companion to Marine and Maritime Worlds, 1400-1800 explores early modern maritime history, culture, and the current state of the research and approaches taken by experts in the field. Ranging from cartography to poetry and decorative design to naval warfare, the book shows how once-traditional and often Euro-chauvinistic depictions of oceanic 'mastery' during the early modern period have been replaced by newer global ideas. This comprehensive volume challenges underlying assumptions by balancing its assessment of the consequences and accomplishments of European navigators in the era of Columbus, da Gama, and Magellan, with an awareness of the sophistication and maritime expertise in Asia, the Arab world, and the Americas. By imparting riveting new stories and global perceptions of maritime history and culture, the contributors provide readers with fresh insights concerning early modern entanglements between humans and the vast, unpredictable ocean. With maritime studies growing and the ocean's health in decline, this volume is essential reading for academics and students interested in the historicization of the ocean and the ways early modern cultures both conceptualised and utilised seas"-- |
| 505 0# - FORMATTED CONTENTS NOTE | |
| Formatted contents note | 1. Introduction: Oceans in Global History and Culture 1400-1800: Expanding Horizons Section 1: Historiography and the Premodern Sea 2. Why the Medieval Sea Mattered 3. Rediscovering the Age of Discovery 4. The Cartography of the Sea: Mapping England's 'Mastery of the Oceans' 5. Domestic Maritime Trade in Late Tudor England c.1565-85: A Case Study of King's Lynn and Plymouth 6. Global Networks in Maritime Worlds 1400-1800 7. Regionalism, Localism, and Individualism in the Ottoman Mediterranean: Seventeenth-Century Ottoman Seafarers' Tales 8. Port Towns and the 'Paramaritime' 9. Fishermen and their Families in Late Medieval and Tudor Kent 10. Ships and Shipping Technology 11. Navies and Naval Operations 12. Nautical Manuals and Ships' Instruments, 1550-1800: Lessons in Two and Three Dimensions 13. Spectacles of the Sea: Warship Decoration and Ideology in Early Modern Europe Section 3: Social and Political Seas 14. Tudor Shipmasters and Maritime Communities, 1550-1600 15. Women and the Sea, 1600-1800 16. Early Modern English Piracy and Privateering 17. Law and the Sea 18. 'Men Whose Vocation Calls us to Dangers Substantial': Healthcare in the Early English East India Company, 1601-11 19. English Trading Companies and the Sea 1550-1650: 'Beyond the Seas Merchant Like' 20. Transatlantic Tubers: New World Potatoes in Early Modern English Literature Section 4: Cultural Seas 21. Mutable, Associative, and Ugly: Oceanic Feelings in Middle English Literature and Medieval Natural Science 22. Enter Jack Tar: The Blue Water Mariner in Early Modern World Literature 23. Early Modern Maritime Heroes: Idols of the Sea 24. Sea Music and Shipboard Performance Culture 25. 'We Split!': Shipwreck in Early Modern European History and Culture |
| 650 #0 - SUBJECT ADDED ENTRY--TOPICAL TERM | |
| Topical term or geographic name as entry element | Ocean and civilization |
| General subdivision | History. |
| 650 #0 - SUBJECT ADDED ENTRY--TOPICAL TERM | |
| Topical term or geographic name as entry element | Navigation |
| General subdivision | History. |
| 650 #0 - SUBJECT ADDED ENTRY--TOPICAL TERM | |
| Topical term or geographic name as entry element | Naval art and science |
| General subdivision | History. |
| 650 #0 - SUBJECT ADDED ENTRY--TOPICAL TERM | |
| Topical term or geographic name as entry element | Shipping |
| General subdivision | History. |
| 650 #0 - SUBJECT ADDED ENTRY--TOPICAL TERM | |
| Topical term or geographic name as entry element | Globalization |
| General subdivision | History. |
| 650 #0 - SUBJECT ADDED ENTRY--TOPICAL TERM | |
| Topical term or geographic name as entry element | Merchant marine |
| General subdivision | History. |
| 650 #0 - SUBJECT ADDED ENTRY--TOPICAL TERM | |
| Topical term or geographic name as entry element | Seafaring life in literature. |
| 650 #7 - SUBJECT ADDED ENTRY--TOPICAL TERM | |
| Topical term or geographic name as entry element | HISTORY / General |
| Source of heading or term | bisacsh |
| 700 1# - ADDED ENTRY--PERSONAL NAME | |
| Personal name | Jowitt, Claire, |
| Relator term | |
| 700 1# - ADDED ENTRY--PERSONAL NAME | |
| Personal name | Lambert, Craig L., |
| Relator term | |
| 700 1# - ADDED ENTRY--PERSONAL NAME | |
| Personal name | Mentz, Steve, |
| Relator term | |
| 852 ## - LOCATION/CALL NUMBER | |
| Location | IMU Kochi Library |
| 856 40 - ELECTRONIC LOCATION AND ACCESS | |
| Uniform Resource Identifier | <a href="https://www.taylorfrancis.com/books/9781003048503">https://www.taylorfrancis.com/books/9781003048503</a> |
| 856 42 - ELECTRONIC LOCATION AND ACCESS | |
| Uniform Resource Identifier | <a href="http://www.oclc.org/content/dam/oclc/forms/terms/vbrl-201703.pdf">http://www.oclc.org/content/dam/oclc/forms/terms/vbrl-201703.pdf</a> |
| 904 ## - LOCAL DATA ELEMENT D, LDD (RLIN) | |
| CATALOGER | Rudra Ranjan |
| 905 ## - LOCAL DATA ELEMENT E, LDE (RLIN) | |
| VERIFIER | Rudra Ranjan |
| 942 ## - ADDED ENTRY ELEMENTS (KOHA) | |
| Item type | E-Book |
| 264 #1 - | |
| -- | London ; |
| -- | New York, NY : |
| -- | Routledge/Taylor & Francis Group, |
| -- | 2020. |
| 520 ## - SUMMARY, ETC. | |
| -- | Provided by publisher. |
No items available.